Central Library OPAC University of Rajshahi

Hardy : (Record no. 62797)

MARC details
000 -LEADER
fixed length control field 00970nam a2200265 a 4500
001 - CONTROL NUMBER
control field 62797
003 - CONTROL NUMBER IDENTIFIER
rucl marc code BD-RjUL
005 - DATE AND TIME OF LATEST TRANSACTION
control field 20211209081125.0
008 - FIXED-LENGTH DATA ELEMENTS--GENERAL INFORMATION
fixed length control field 170125r19821975enk b 001 0 eng d
035 ## - SYSTEM CONTROL NUMBER
System control number (BD-RjUL)62925
040 ## - CATALOGING SOURCE
Original cataloging agency DLC
Transcribing agency DLC
Modifying agency DLC
Language of cataloging eng
041 ## - LANGUAGE CODE
Language code of text/sound track or separate title eng
082 00 - DEWEY DECIMAL CLASSIFICATION NUMBER
Classification number 823.8
Edition number 23
Author mark and year HAR 1982
245 00 - TITLE STATEMENT
Title Hardy :
Remainder of title the tragic novels : The return of the native, The Mayor of Casterbridge, Tess of the d'Urbervilles, Jude the Obscure : a casebook /
Statement of responsibility, etc. edited by R. P. Draper.
260 ## - PUBLICATION, DISTRIBUTION, ETC. (IMPRINT)
Place of publication, distribution, etc. London :
Name of publisher, distributor, etc. Macmillan,
Date of publication, distribution, etc. 1975 [Reprinted 1982]
300 ## - PHYSICAL DESCRIPTION
Pagination 256 p. ;
Size 21 cm.
490 0# - SERIES STATEMENT
Series statement Casebook series
504 ## - BIBLIOGRAPHY, ETC. NOTE
Bibliography, etc Includes Bibliography: p. [249]-250. and index
600 10 - SUBJECT ADDED ENTRY--PERSONAL NAME
Personal name Hardy, Thomas,
Dates associated with a name 1840-1928
General subdivision Fictional works.
650 #0 - SUBJECT ADDED ENTRY--TOPICAL TERM
Topical term or geographic name as entry element Pastoral fiction, English
General subdivision History and criticism.
9 (RLIN) 186671
Topical term or geographic name as entry element Tragic, The, in literature.
9 (RLIN) 186672
700 1# - ADDED ENTRY--PERSONAL NAME
Personal name Draper, Ronald P.,
Dates associated with a name 1928-
942 ## - ADDED ENTRY ELEMENTS (KOHA)
Source of classification or shelving scheme Dewey Decimal Classification
Koha item type Books
Holdings
Lost status Source of classification or shelving scheme Damaged status Not for loan Collection code Permanent Location Current Location Shelving location Date acquired Source of acquisition Cost, normal purchase price Total Checkouts Full call number Date last seen Copy number Koha item type
  Dewey Decimal Classification   Not For Loan Non-fiction Central Library, University of Rajshahi Central Library, University of Rajshahi Reading Room 22/05/1983 Heffer 4.95   823.8 HAR 1982 25/01/2017 C-1 Books